Statistiken für Errate die Videospiele anhand deren Icons

Klicken Sie hier um das Quiz zu spielen!

Allgemein

  • Dieses Quiz wurde 2.086 mal gespielt
  • Das Durchschnittsergebnis liegt bei 12 aus 24

Antwortstatistiken

Antwort% Korrekt
Pokémon
99%
Minecraft
98%
Super Mario
98%
Pac-Man
96%
Sonic the Hedgehog
95%
The Legend of ZELDA
90%
Yoshi's Island
85%
Final Fantasy
71%
Super Smash Bros.
71%
Animal Crossing
70%
Splatoon
70%
Street Fighter
37%
WarioWare/Wario Land
34%
Castlevania
29%
Metal Gear
28%
Xenoblade
28%
Metroid
24%
Fire Emblem
15%
Mega Man
15%
F-ZERO
14%
Mother/EarthBound
14%
Banjo-Kazooie
13%
Bayonetta
13%
Dragon Quest
7%

Verteilung der Resultate

Perzentil nach korrekt beantworteten Fragen

Anzahl Personen mit jedem Resultat

Ihre Resultats-Entwicklung

Sie haben dieses Quiz noch nicht gespielt